000 00321 a2200133 4500
001 150579
040 _cEscola São Tomás de Aquino
240 1 0 _aContando a história da matemática
_lpor
245 1 0 _aContando a história da matemática
362 0 _a1992
440 1 _aÁtica
697 _aMATEMÁTICA
942 _cBK
999 _c150579
_d150579